| 000 | 00459nam a22001577a 4500 | ||
|---|---|---|---|
| 082 |
_a621.312 _bSHA |
||
| 100 |
_aShafi Khan (327560) _9126312 |
||
| 245 | _aOn Design of Switched Reluctance Motor Drive Controller / | ||
| 264 |
_aIslamabad : _bUSPCAS-E, NUST _cSeptember, 2024. |
||
| 300 |
_axiv, 57 p. _e+CD |
||
| 520 | _aTH-586 | ||
| 650 | _aMS EEP Thesis | ||
| 650 |
_aMS Thesis _918721 |
||
| 700 |
_aDr. Hassan Abdullah Khalid _928912 |
||
| 942 |
_2ddc _cTHE |
||
| 999 |
_c612011 _d612011 |
||